Logo BPK

Biblioteka

Politechniki Koszalińskiej

Gospodarowanie wodą w małych jednostkach : (Rekord nr 29314)

Szczegóły MARC
000 -ETYKIETA REKORDU
podpole kontrolne o stałej długości 00816nam a2200169 i 4500
001 - NUMER KONTROLNY REKORDU
pole kontrolne bg
040 ## - ŹRÓDŁO KATALOGOWANIA
Instytucja, która utworzyła rekord BPK
041 ## - KOD JĘZYKA
Kod języka tekstu pol
080 ## - UNIWERSALNA KLASYFIKACJA DZIESIĘTNA - UKD
UKD 628.1/.3:556.18(061.3)
008 - POLE O STAŁEJ DŁUGOŚCI - DANE KONTROLNE
podpole kontrolne o stałej długości s pl f |000 0 pol
245 #0 - TYTUŁ/ODPOWIEDZIALNOŚĆ
Tytuł Gospodarowanie wodą w małych jednostkach :
Ciąg dalszy tytułu materiały z V Ogólnopolskiej Konferencji Naukowo-Technicznej nt. Problemy Gospodarki wodno-ściekowej w regionach rolniczo-przemysłowych, Białystok, 15-17 czerwca 1989.
Oznaczenie części/sekcji dzieła T. 2,
Tytuł części/sekcji dzieła Problemy zaopatrzenia w wodę /
Pozostałe elementy strefy tytułu i oznaczenia odpowiedzialności pod red. Andrzeja Królokowskiego ; Politechnika Białostocka. Instytut Inżynierii Środowiska.
246 ## - WARIANT TYTUŁU
Tytuł Problemy gospodarki wodno-ściekowej w regionach rolniczo-przemysłowych
260 ## - STREFA ADRESU WYDAWNICZEGO
Miejsce wydania Białystok :
Nazwa wydawcy/dystrybutora Wydaw-a PB,
Data publikacji, dystrybucji/powstania dokumentu 1990.
300 ## - STREFA OPISU FIZYCZNEGO
Objętość 140 s. :
Rozmiary rys., wykr. ;
-- 23 cm.
504 ## - UWAGA DOTYCZĄCA BIBLIOGRAFII
Informacje o bibliografii Bibliogr. po rozdz.
856 ## - LOKALIZACJA I DOSTĘP DO ELEKTRONICZNYCH DOKUMENTÓW ZDALNYCH
Link (URL) http://koha.tu.koszalin.pl/cgi-bin/koha/opac-detail.pl?biblionumber=29314
Tekst linku Katalog online BPK
942 ## - DODATKOWE ELEMENTY (KOHA)
Typ dokumentu Książka
Egzemplarze
Wycofany Status egzemplarza Uszkodzony Dostępność Lokalizacja stała Lokalizacja bieżąca Miejsce przechowywania Sygnatura Kod kreskowy Typ dokumentu
      Dostępny Biblioteka Politechniki Koszalińskiej Biblioteka Politechniki Koszalińskiej Wypożyczalnia BG 35446 01477597 Książka
© 2023 Biblioteka Politechniki Koszalińskiej :: KOHA